000 00362nam a2200145 i 4500
001 bg
100 1 _aBOGDANIUK, Bożysław
245 0 _aTechnologia kolejowych robót nawierzchniowych /
_cBożysław Bogdaniuk.
260 _aGdańsk,
_c1973.
040 _cBPK
041 _apol
080 _a625.1
942 _cKS
008 s pl f |000 0 pol
999 _c26424
_d26424
856 _uhttp://koha.tu.koszalin.pl/cgi-bin/koha/opac-detail.pl?biblionumber=26424
_yKatalog online BPK